| 000 | 00356 a2200157 4500 | ||
|---|---|---|---|
| 001 | 68275 | ||
| 020 | _a9781906861223 | ||
| 040 | _cAnchieta - Pituba | ||
| 100 | _aRevell, Jane | ||
| 240 | 1 | 0 |
_aA lion called Christian _leng |
| 245 | 1 | 0 | _aA lion called Christian |
| 300 | _a88 | ||
| 362 | 0 | _a2010 | |
| 650 | 4 | _aLiteratura juvenil em inglês | |
| 942 | _cBK | ||
| 999 |
_c68275 _d68275 |
||